Southville International School and Colleges
Your cart is empty.
  • Cart
  • Lists
    Public lists Eva Luna New books Lux_list list_1
    Your lists Log in to create your own lists
  • Log in to your account
  • Your cookies
  • Search history
Southville International School and Colleges
  • Advanced search
  • Recent comments
  • Most popular
  • Libraries

Log in to your account

Log in with GOOGLE


If you do not have an external account, but do have a local account, you can still log in:

  1. Home
  2. MARC view: Tom Sawyer /
Normal view MARC view ISBD view

Tom Sawyer / (Record no. 112160)

[ view plain ]
MARC details
000 -LEADER
fixed length control field 00579nam a2200205 a 4500
001 - CONTROL NUMBER
control field 2493
005 - DATE AND TIME OF LATEST TRANSACTION
control field 20140414131928.0
008 - FIXED-LENGTH DATA ELEMENTS--GENERAL INFORMATION
fixed length control field 050602s19uu xx 00 eng d
020 ## - INTERNATIONAL STANDARD BOOK NUMBER
International Standard Book Number 81-7862-149-5
050 ## - LIBRARY OF CONGRESS CALL NUMBER
Classification number FIC
Item number T59 2004
100 ## - MAIN ENTRY--PERSONAL NAME
Personal name Choudhury, B.R.
245 ## - TITLE STATEMENT
Title Tom Sawyer /
Statement of responsibility, etc Mark Twain ; retold by B.R. Choudhury.
260 ## - PUBLICATION, DISTRIBUTION, ETC. (IMPRINT)
Place of publication, distribution, etc New Delhi :
Name of publisher, distributor, etc Sterling Press Private,
Date of publication, distribution, etc 2004.
300 ## - PHYSICAL DESCRIPTION
Extent 88 p. : ill. ; cm.
440 ## - SERIES STATEMENT/ADDED ENTRY--TITLE
Title Learners Graded Readers, level 3
500 ## - GENERAL NOTE
General note 1900 plus headwords
650 ## - SUBJECT ADDED ENTRY--TOPICAL TERM
Topical term or geographic name as entry element Fiction.
650 ## - SUBJECT ADDED ENTRY--TOPICAL TERM
Topical term or geographic name as entry element Children stories.
Holdings
Withdrawn status Lost status Damaged status Use restrictions Home library Current library Shelving location Date acquired Source of acquisition Total Checkouts Full call number Barcode Date last seen Price effective from Koha item type
        Munich Library Munich Library Fiction Section 06/02/2005     FIC T59 2004 M3233 04/14/2014 04/14/2014 Books

Tom Sawyer /

APA

Choudhury B., . (2004). Tom Sawyer. New Delhi: Sterling Press Private.

Chicago

Choudhury B.R, . 2004. Tom Sawyer. New Delhi: Sterling Press Private.

Harvard

Choudhury B., . (2004). Tom Sawyer. New Delhi: Sterling Press Private.

MLA

Choudhury B.R, . Tom Sawyer. New Delhi: Sterling Press Private. 2004.

  • Place hold
  • Print
  • Cite
  • Add to your cart (remove)
  • Save record
    BIBTEX Dublin Core MARCXML MARC (non-Unicode/MARC-8) MARC (Unicode/UTF-8) MARC (Unicode/UTF-8, Standard) MODS (XML) RIS
  • More searches
    Search for this title in:
    Other Libraries (WorldCat) Other Databases (Google Scholar) Online Stores (Bookfinder.com) Open Library (openlibrary.org)

Exporting to Dublin Core...

SOUTHVILLE LIBRARY

Southville International School and Colleges Library

1281 Tropical Ave. Cor. Luxembourg St., BF Homes International, Las Pinas City

Tel. No. 8256374 / 252358 Loc. 117/146

Powered by Koha